[Event "3rd Marlboro Classic"]
[Site "Manila PHI"]
[Date "1975.10.02"]
[Round "1"]
[White "Mecking, Henrique"]
[Black "Pfleger, Helmut"]
[Result "1-0"]
[WhiteElo "2610"]
[BlackElo "2540"]
[EventDate "1975.10.02"]
[PlyCount "53"]

1.e4 d6 2.d4 Nf6 3.Nc3 g6 4.f4 Bg7 5.Nf3 O-O 6.Be3 c5 7.dxc5 Qa5 8.Bd3 Ng4
9.Bd2 Qxc5 10.Qe2 Nf6 11.Be3 Qa5 12.O-O Nc6 13.h3 e5 14.Qf2 Bd7 15.Rad1 
Rad8 16.fxe5 dxe5 17.Nd2 Be6 18.Bg5 Nh5 19.Bxd8 Rxd8 20.Nb3 Qc7 21.Nc5 Nd4
22.Nxe6 fxe6 23.Nb5 Qd7 24.Be2 Rf8 25.Qe3 Nf4 26.Nxd4 exd4 27.Rxf4 1-0

[Event "3rd Marlboro Classic"]
[Site "Manila PHI"]
[Date "1975.10.02"]
[Round "2"]
[White "Torre, Eugenio"]
[Black "Karaklajic, Nikola"]
[Result "1-0"]
[WhiteElo "2515"]
[BlackElo "2445"]
[EventDate "1975.10.02"]
[PlyCount "121"]

1.e4 e5 2.Nf3 Nc6 3.Bb5 Nf6 4.Qe2 a6 5.Ba4 Bc5 6.Bxc6 dxc6 7.Nxe5 Qd4 8.
Nd3 Ba7 9.f3 O-O 10.Nf2 Re8 11.c3 Qe5 12.d4 Qh5 13.Be3 c5 14.dxc5 Bd7 15.
Nd2 Bb5 16.c4 Ba4 17.b3 Bc6 18.b4 Ba4 19.O-O Rad8 20.Nd3 Bb8 21.Rae1 c6 
22.g3 Bc2 23.Nf2 Qg6 24.Rc1 Nh5 25.g4 f5 26.Rxc2 f4 27.Kh1 fxe3 28.Qxe3 
Nf4 29.Rg1 Qh6 30.Nf1 g5 31.Ng3 Qf6 32.Nh5 Qf7 33.Nxf4 Bxf4 34.Qe2 Rd4 35.
Rd1 Red8 36.Rxd4 Rxd4 37.Nh3 Qd7 38.Kg2 h6 39.e5 Kf7 40.Nxf4 gxf4 41.e6+ 
Qxe6 42.Qxe6+ Kxe6 43.Re2+ Kf6 44.Re4 Rd2+ 45.Kh3 Kg5 46.Re5+ Kg6 47.Re7 
Rf2 48.Rxb7 Rxf3+ 49.Kg2 Ra3 50.h4 h5 51.g5 Kf5 52.Rf7+ Ke4 53.Re7+ Kf5 
54.Rf7+ Ke4 55.Kf1 Rxa2 56.g6 Ra1+ 57.Kf2 Ra2+ 58.Ke1 Rg2 59.g7 Ke3 60.
Re7+ Kd4 61.b5 1-0

[Event "3rd Marlboro Classic"]
[Site "Manila PHI"]
[Date "1975.10.02"]
[Round "2"]
[White "Pfleger, Helmut"]
[Black "Balinas, Rosendo Carrean"]
[Result "1-0"]
[WhiteElo "2540"]
[BlackElo "2355"]
[EventDate "1975.10.02"]
[PlyCount "71"]

1.c4 e5 2.Nc3 Nc6 3.g3 d6 4.Bg2 Be6 5.d3 f5 6.b4 Qd7 7.b5 Nd8 8.a4 Nf6 9.
Nd5 Be7 10.Nxe7 Qxe7 11.Nf3 O-O 12.O-O Kh8 13.Bb2 Nd7 14.e3 Rb8 15.Nd2 c5 
16.f4 Bg8 17.Qc2 Ne6 18.Rae1 Nc7 19.e4 fxe4 20.Nxe4 Ne6 21.Qd2 Nd4 22.Bxd4
cxd4 23.Qb4 exf4 24.Nxd6 Qg5 25.Ne4 Qe5 26.Bh3 Nb6 27.a5 Na8 28.gxf4 Qh5 
29.Bg2 b6 30.a6 Nc7 31.Qd6 Ne6 32.f5 Rbd8 33.fxe6 Rxf1+ 34.Rxf1 Rxd6 35.
Nxd6 Qc5 36.e7 1-0

[Event "3rd Marlboro Classic"]
[Site "Manila PHI"]
[Date "1975.10.02"]
[Round "3"]
[White "Balinas, Rosendo Carrean"]
[Black "Polugaevsky, Lev"]
[Result "1-0"]
[WhiteElo "2355"]
[BlackElo "2645"]
[EventDate "1975.10.02"]
[PlyCount "105"]

1.c4 e5 2.Nc3 d6 3.g3 g6 4.Bg2 Bg7 5.d3 f5 6.f4 Nf6 7.Nf3 Nbd7 8.Bd2 O-O 
9.Qc2 c6 10.O-O-O Qe7 11.e3 Nc5 12.fxe5 dxe5 13.d4 e4 14.Ne1 Ne6 15.Kb1 
Bd7 16.Bf1 Rac8 17.h3 c5 18.d5 Ng5 19.Be2 Nf7 20.Ng2 Ne5 21.Bc1 Ne8 22.Nf4
Nd6 23.b3 b5 24.Nxb5 Nxb5 25.cxb5 c4 26.d6 Qf7 27.Nd5 Nd3 28.bxc4 Bxb5 29.
Ne7+ Kh8 30.Nxc8 Rxc8 31.Bxd3 exd3 32.Rxd3 Rxc4 33.d7 Bxd7 34.Qb3 h5 35.
Bb2 Ba4 36.Bxg7+ Kh7 37.Qb8 Bc2+ 38.Ka1 Qxg7+ 39.Rd4 Rxd4 40.exd4 Qxd4+ 
41.Qb2 Qxb2+ 42.Kxb2 Be4 43.Rd1 g5 44.Rd7+ Kg6 45.Rd6+ Kg7 46.Kc3 Bg2 47.
Kd4 Bxh3 48.Ke5 f4 49.gxf4 g4 50.f5 h4 51.f6+ Kf8 52.Rd8+ Kf7 53.Rh8 1-0

[Event "3rd Marlboro Classic"]
[Site "Manila PHI"]
[Date "1975.10.02"]
[Round "3"]
[White "Karaklajic, Nikola"]
[Black "Larsen, Bent"]
[Result "1/2-1/2"]
[WhiteElo "2445"]
[BlackElo "2625"]
[EventDate "1975.10.02"]
[PlyCount "68"]

1.e4 c6 2.d4 d5 3.exd5 cxd5 4.c4 Nf6 5.Nc3 e6 6.Nf3 Bb4 7.Qa4+ Nc6 8.Ne5 
Qa5 9.Qxa5 Bxa5 10.Nxc6 bxc6 11.cxd5 cxd5 12.Bd3 Rb8 13.O-O O-O 14.Rb1 
Bxc3 15.bxc3 Rxb1 16.Bxb1 Ba6 17.Ba3 Ra8 18.Rd1 Bc4 19.Rd2 Ne4 20.Bxe4 
dxe4 21.Rb2 a5 22.Bd6 a4 23.a3 Bb3 24.Re2 Ra6 25.Bc5 f5 26.f3 exf3 27.gxf3
Bd1 28.Re3 h6 29.Kf2 g5 30.d5 exd5 31.Re5 g4 32.fxg4 fxg4 33.Rxd5 Rf6+ 34.
Ke1 Bb3 1/2-1/2

[Event "3rd Marlboro Classic"]
[Site "Manila PHI"]
[Date "1975.10.02"]
[Round "3"]
[White "Ogaard, Leif"]
[Black "Pfleger, Helmut"]
[Result "0-1"]
[WhiteElo "2460"]
[BlackElo "2540"]
[EventDate "1975.10.02"]
[PlyCount "96"]

1.c4 Nf6 2.Nc3 e6 3.Nf3 d5 4.d4 c5 5.cxd5 exd5 6.g3 Nc6 7.Bg2 Be7 8.O-O 
O-O 9.Bg5 cxd4 10.Nxd4 h6 11.Be3 Be6 12.Qa4 Qd7 13.Nxe6 Qxe6 14.Nb5 Rac8 
15.Rac1 a6 16.Nd4 Nxd4 17.Qxd4 Ne4 18.Rxc8 Rxc8 19.Rd1 Nf6 20.Qd3 b5 21.
Bd4 Ne4 22.b3 b4 23.Bb2 Bf6 24.Bxf6 Nxf6 25.e3 Rc3 26.Qd2 Qf5 27.Qe2 a5 
28.h3 h5 29.Rd4 g6 30.Rf4 Qe5 31.Qa6 Kg7 32.Qxa5 g5 33.Rxb4 h4 34.g4 Rc1+ 
35.Bf1 Ne4 36.Rxe4 Qxe4 37.Qb5 Qf3 38.Qd3 Qxh3 39.Qe2 Kf8 40.b4 f5 41.gxf5
Qxf5 42.Qa6 h3 43.Qd6+ Kf7 44.Qg3 g4 45.Qd6 Qe4 46.Qd7+ Kg6 47.Qd6+ Kh5 
48.Qg3 d4 0-1

[Event "3rd Marlboro Classic"]
[Site "Manila PHI"]
[Date "1975.10.02"]
[Round "3"]
[White "Gligoric, Svetozar"]
[Black "Torre, Eugenio"]
[Result "1-0"]
[WhiteElo "2575"]
[BlackElo "2515"]
[EventDate "1975.10.02"]
[PlyCount "135"]

1.d4 Nf6 2.c4 g6 3.Nc3 Bg7 4.e4 d6 5.f3 O-O 6.Be3 b6 7.Bd3 a6 8.Nge2 c5 9.
e5 Ne8 10.Be4 Ra7 11.dxc5 bxc5 12.Bxc5 Rd7 13.Be3 Bb7 14.Bxb7 Rxb7 15.b3 
Bxe5 16.O-O Nc6 17.Rc1 Bg7 18.Qd2 Qa5 19.Rfd1 Nc7 20.Nf4 Rc8 21.c5 dxc5 
22.Ne4 Qxd2 23.Rxd2 Nd4 24.Nxc5 Nce6 25.Nfxe6 Nxe6 26.Rc4 Nxc5 27.Rxc5 Ra8
28.Rdc2 Rbb8 29.Ra5 Rb5 30.Rxa6 Rd8 31.Rd2 Rc8 32.Rc6 Ra8 33.Rdc2 Rbb8 34.
Rc7 Kf8 35.Kf1 Be5 36.R7c4 Bxh2 37.Rh4 Be5 38.Rxh7 Ra6 39.f4 Kg8 40.Rh3 
Bd6 41.Rf3 f6 42.Bd2 Kf7 43.Rd3 Rh8 44.Ke2 Ke6 45.a4 Rb8 46.Be3 Raa8 47.
Rc4 Ra5 48.Bd2 Ra7 49.Kd1 Rh8 50.Kc2 Rh2 51.Re3+ Kd5 52.Re2 Ra6 53.Bb4 
Bxb4 54.Rxb4 e6 55.Kd3 Rd6 56.Rd4+ Kc6 57.Rc2+ Kd7 58.a5 Rh1 59.Rxd6+ Kxd6
60.Kc4 Kc6 61.Kb4+ Kb7 62.Re2 e5 63.fxe5 Rh4+ 64.Kc5 fxe5 65.Rxe5 Rg4 66.
b4 Rxg2 67.Re7+ Ka6 68.b5+ 1-0

[Event "3rd Marlboro Classic"]
[Site "Manila PHI"]
[Date "1975.10.02"]
[Round "4"]
[White "Polugaevsky, Lev"]
[Black "Ogaard, Leif"]
[Result "1-0"]
[WhiteElo "2645"]
[BlackElo "2460"]
[EventDate "1975.10.02"]
[PlyCount "69"]

1.c4 Nf6 2.Nc3 e5 3.Nf3 Nc6 4.d3 Bb4 5.Bd2 O-O 6.e3 Re8 7.Be2 Bxc3 8.Bxc3 
d5 9.cxd5 Qxd5 10.O-O Bg4 11.Qa4 Rad8 12.Rfd1 Qd7 13.Qb3 Qc8 14.Rac1 Nd5 
15.Be1 Be6 16.Qc2 Ndb4 17.Qa4 Bd7 18.Qa3 a5 19.d4 Bg4 20.dxe5 Rxd1 21.Rxd1
Nxe5 22.Qxa5 Bxf3 23.gxf3 Nbc6 24.Qd5 h6 25.f4 Ng6 26.Qh5 Rd8 27.Bc3 Rxd1+
28.Bxd1 Nce7 29.Bc2 Qe6 30.f5 Qd5 31.e4 Qc5 32.Bb3 Nh8 33.Qg4 g6 34.Qh4 
Qd6 35.Qxh6 1-0

[Event "3rd Marlboro Classic"]
[Site "Manila PHI"]
[Date "1975.10.02"]
[Round "4"]
[White "Ljubojevic, Ljubomir"]
[Black "Balinas, Rosendo Carrean"]
[Result "1-0"]
[WhiteElo "2615"]
[BlackElo "2355"]
[EventDate "1975.10.02"]
[PlyCount "59"]

1.e4 c5 2.Nf3 Nc6 3.d4 cxd4 4.Nxd4 Nf6 5.Nc3 g6 6.Bc4 Qa5 7.Nb3 Qc7 8.f4 
Nb4 9.Bd3 Nxd3+ 10.cxd3 d6 11.Be3 Bd7 12.Rc1 Qb8 13.Bd4 e5 14.fxe5 dxe5 
15.Qf3 Bg7 16.Bc5 Qd8 17.O-O b6 18.Be3 Bg4 19.Qg3 Qxd3 20.Rxf6 Bxf6 21.Nd5
Bg7 22.Nc7+ Kd7 23.Qxg4+ f5 24.Qf3 Rac8 25.exf5 e4 26.Qh3 Rxc7 27.f6+ Kd8 
28.fxg7 Rxc1+ 29.Nxc1 Qd1+ 30.Kf2 1-0

[Event "3rd Marlboro Classic"]
[Site "Manila PHI"]
[Date "1975.10.02"]
[Round "4"]
[White "Kavalek, Lubomir"]
[Black "Karaklajic, Nikola"]
[Result "1/2-1/2"]
[WhiteElo "2555"]
[BlackElo "2445"]
[EventDate "1975.10.02"]
[PlyCount "80"]

1.e4 e5 2.Nf3 Nc6 3.Bb5 Nf6 4.O-O Nxe4 5.d4 Nd6 6.Bxc6 dxc6 7.dxe5 Nf5 8.
Qxd8+ Kxd8 9.Nc3 Ke8 10.Ne2 Ne7 11.h3 Be6 12.Nf4 Bd5 13.Nxd5 cxd5 14.Bf4 
Ng6 15.Bh2 c6 16.Nd4 Nh4 17.Bg3 Bc5 18.Nb3 Be7 19.f4 Nf5 20.Bf2 h5 21.c4 
dxc4 22.Na5 b6 23.Nxc4 h4 24.Rfd1 Rd8 25.Kf1 Rh6 26.Ke2 Rg6 27.Kf3 Bc5 28.
Rxd8+ Kxd8 29.Rd1+ Ke7 30.Bxc5+ bxc5 31.Kf2 Rg3 32.Nd6 Rxg2+ 33.Kxg2 Ne3+ 
34.Kf3 Nxd1 35.Nc4 Ke6 36.Ke2 Kd5 37.f5 Nxb2 38.Nxb2 Kxe5 39.Nc4+ Kxf5 40.
Na5 a6 1/2-1/2

[Event "3rd Marlboro Classic"]
[Site "Manila PHI"]
[Date "1975.10.02"]
[Round "5"]
[White "Mecking, Henrique"]
[Black "Larsen, Bent"]
[Result "1/2-1/2"]
[WhiteElo "2610"]
[BlackElo "2625"]
[EventDate "1975.10.02"]
[PlyCount "94"]

1.e4 c6 2.d4 d5 3.Nc3 dxe4 4.Nxe4 Nd7 5.Bc4 Ngf6 6.Ng5 e6 7.Qe2 Nb6 8.Bd3 
h6 9.N5f3 c5 10.dxc5 Bxc5 11.Ne5 Nbd7 12.Ngf3 Nxe5 13.Nxe5 O-O 14.Bd2 Qd5 
15.f4 b5 16.Be3 Bxe3 17.Qxe3 Bb7 18.Qf3 Qxf3 19.Nxf3 Nh5 20.O-O Nxf4 21.
Bxb5 Rab8 22.Bc4 g5 23.b3 Rbc8 24.Ne1 Rfd8 25.Rf2 Kg7 26.Bf1 Rc3 27.Nd3 
Nxd3 28.Bxd3 f5 29.g3 Rd4 30.Kf1 h5 31.Re1 Bd5 32.Ke2 Be4 33.Bxe4 Rxe4+ 
34.Kd1 Rxe1+ 35.Kxe1 Kf6 36.Kd2 Rc7 37.c4 e5 38.Ke3 f4+ 39.gxf4 gxf4+ 40.
Ke4 Rd7 41.Rc2 Rd4+ 42.Kf3 Rd3+ 43.Kf2 Ke6 44.c5 Kd7 45.Re2 Ke6 46.Rc2 Kd7
47.Re2 Ke6 1/2-1/2

[Event "3rd Marlboro Classic"]
[Site "Manila PHI"]
[Date "1975.10.02"]
[Round "5"]
[White "Gligoric, Svetozar"]
[Black "Kavalek, Lubomir"]
[Result "1/2-1/2"]
[WhiteElo "2575"]
[BlackElo "2555"]
[EventDate "1975.10.02"]
[PlyCount "46"]

1.d4 Nf6 2.c4 g6 3.Nc3 Bg7 4.e4 d6 5.f3 c6 6.Be3 a6 7.Bd3 Nbd7 8.Nge2 b5 
9.O-O O-O 10.Qd2 Bb7 11.b3 e6 12.Rad1 Re8 13.Ng3 Rc8 14.Rfe1 e5 15.d5 b4 
16.Na4 c5 17.Ra1 h5 18.Nh1 Nh7 19.a3 a5 20.Ra2 Rf8 21.Nf2 f5 22.exf5 gxf5 
23.Bh6 Qf6 1/2-1/2

[Event "3rd Marlboro Classic"]
[Site "Manila PHI"]
[Date "1975.10.02"]
[Round "5"]
[White "Balinas, Rosendo Carrean"]
[Black "Torre, Eugenio"]
[Result "1/2-1/2"]
[WhiteElo "2355"]
[BlackElo "2515"]
[EventDate "1975.10.02"]
[PlyCount "47"]

1.d4 Nf6 2.c4 g6 3.Nc3 Bg7 4.e4 d6 5.f3 O-O 6.Be3 b6 7.Bd3 a6 8.Nge2 c5 9.
e5 Ne8 10.Be4 Ra7 11.dxc5 bxc5 12.Bxc5 Rd7 13.Be3 Bb7 14.Bxb7 Rxb7 15.b3 
Bxe5 16.O-O Nc6 17.Qd2 Qa5 18.Rad1 Nc7 19.Kh1 Ne6 20.Qe1 Bg7 21.g4 Rfb8 
22.Rd5 Qc7 23.Rd2 Nc5 24.Nc1 1/2-1/2

[Event "3rd Marlboro Classic"]
[Site "Manila PHI"]
[Date "1975.10.02"]
[Round "6"]
[White "Torre, Eugenio"]
[Black "Ogaard, Leif"]
[Result "0-1"]
[WhiteElo "2515"]
[BlackElo "2460"]
[EventDate "1975.10.02"]
[PlyCount "62"]

1.e4 c5 2.Nf3 e6 3.d3 Nc6 4.g3 Nf6 5.Bg2 d6 6.O-O Be7 7.c3 O-O 8.Re1 Bd7 
9.d4 cxd4 10.cxd4 d5 11.e5 Ne4 12.Nbd2 Nxd2 13.Bxd2 Qb6 14.Bc3 Rac8 15.Qd2
a5 16.h4 a4 17.a3 Ra8 18.g4 f6 19.exf6 Rxf6 20.Qd3 Rf4 21.g5 Raf8 22.Rad1 
Qd8 23.Bd2 R4f5 24.Re2 Qe8 25.Re3 Qh5 26.Qe2 Qg4 27.Bc3 Be8 28.Rdd3 Rf4 
29.Be1 Bg6 30.Rc3 Be4 31.Qd1 Nxd4 0-1

[Event "3rd Marlboro Classic"]
[Site "Manila PHI"]
[Date "1975.10.02"]
[Round "6"]
[White "Ljubojevic, Ljubomir"]
[Black "Pfleger, Helmut"]
[Result "1-0"]
[WhiteElo "2615"]
[BlackElo "2540"]
[EventDate "1975.10.02"]
[PlyCount "65"]

1.e4 c6 2.d3 d5 3.Nd2 g6 4.Ngf3 Bg7 5.Be2 e5 6.O-O Ne7 7.b4 O-O 8.Bb2 Nd7 
9.Re1 a5 10.a3 Qc7 11.Bf1 b6 12.d4 exd4 13.Bxd4 Nf6 14.Be5 Qd8 15.exd5 
Nexd5 16.c4 Ne7 17.h3 Ra7 18.Qc1 c5 19.bxc5 bxc5 20.Nb3 Nc6 21.Bc3 Qd6 22.
Qe3 Qb8 23.Nxc5 Re7 24.Qd2 Qa7 25.Rxe7 Qxe7 26.Qb2 Qxc5 27.Bxf6 Bxf6 28.
Qxf6 Re8 29.Ng5 Rf8 30.Re1 Bd7 31.Ne4 Qxa3 32.Re3 Qc1 33.Qd6 1-0

[Event "3rd Marlboro Classic"]
[Site "Manila PHI"]
[Date "1975.10.02"]
[Round "7"]
[White "Balinas, Rosendo Carrean"]
[Black "Kavalek, Lubomir"]
[Result "1-0"]
[WhiteElo "2355"]
[BlackElo "2555"]
[EventDate "1975.10.02"]
[PlyCount "80"]

1.c4 Nf6 2.Nc3 g6 3.g3 Bg7 4.Bg2 O-O 5.Nf3 d5 6.cxd5 Nxd5 7.Qb3 Nb6 8.h4 
h6 9.d4 Be6 10.Qc2 Nc6 11.Bf4 Nxd4 12.Nxd4 Qxd4 13.Rd1 Qb4 14.Bd2 c6 15.h5
g5 16.f4 gxf4 17.gxf4 Qc5 18.b4 Qc4 19.f5 Qg4 20.Bh3 Qg3+ 21.Kf1 Nc4 22.
Ne4 Ne3+ 23.Bxe3 Qxe3 24.fxe6 fxe6+ 25.Ke1 Rf4 26.Bg2 a5 27.bxa5 Qa3 28.
Rd3 Qxa5+ 29.Qd2 Qe5 30.Rd8+ Rxd8 31.Qxd8+ Rf8 32.Qd1 Qb2 33.Rh3 Qb6 34.
Rf3 Rd8 35.Qc2 Rd5 36.Kf1 Rxh5 37.Qb3 Qd4 38.Qxe6+ Kh7 39.Rd3 Qa1+ 40.Kf2 
Re5 1-0

[Event "3rd Marlboro Classic"]
[Site "Manila PHI"]
[Date "1975.10.02"]
[Round "7"]
[White "Polugaevsky, Lev"]
[Black "Ljubojevic, Ljubomir"]
[Result "1/2-1/2"]
[WhiteElo "2645"]
[BlackElo "2615"]
[EventDate "1975.10.02"]
[PlyCount "83"]

1.d4 Nf6 2.c4 e6 3.Nf3 c5 4.d5 b5 5.Bg5 h6 6.Bxf6 Qxf6 7.Nc3 b4 8.Nb5 Na6 
9.e4 g5 10.e5 Qf4 11.Bd3 g4 12.Qd2 Qxd2+ 13.Nxd2 Kd8 14.dxe6 fxe6 15.Be4 
Rb8 16.Nxa7 Bg7 17.f4 gxf3 18.Nxf3 Bb7 19.Bxb7 Rxb7 20.Nb5 Rf8 21.O-O Nc7 
22.Nd6 Ra7 23.g3 Ne8 24.Ne4 Rxf3 25.Rxf3 Bxe5 26.Rb3 d5 27.Nd2 Nd6 28.cxd5
exd5 29.Nf3 Bf6 30.Rd3 d4 31.b3 Kd7 32.Nd2 Bg5 33.Nc4 Nxc4 34.bxc4 Be3+ 
35.Kg2 Ke6 36.Kf3 Ke5 37.Rxe3+ dxe3 38.Rd1 Rxa2 39.Rd5+ Ke6 40.Kxe3 Rxh2 
41.Rxc5 Rg2 42.Ke4 1/2-1/2

[Event "3rd Marlboro Classic"]
[Site "Manila PHI"]
[Date "1975.10.02"]
[Round "7"]
[White "Pfleger, Helmut"]
[Black "Torre, Eugenio"]
[Result "1-0"]
[WhiteElo "2540"]
[BlackElo "2515"]
[EventDate "1975.10.02"]
[PlyCount "88"]

1.Nf3 g6 2.g3 Bg7 3.Bg2 c5 4.c4 Nc6 5.O-O e6 6.Nc3 Nge7 7.d3 O-O 8.Bf4 e5 
9.Bd2 h6 10.Ne1 f5 11.f4 d6 12.Nc2 Be6 13.Ne3 g5 14.Ned5 Ng6 15.fxg5 hxg5 
16.e3 f4 17.Qh5 Bf5 18.Be4 Nge7 19.g4 Bxe4 20.Nxe4 Qe8 21.Qxg5 Nxd5 22.
cxd5 Ne7 23.exf4 Nxd5 24.f5 Nf6 25.Nxd6 Qc6 26.Ne4 Rad8 27.Bc3 Rxd3 28.
Nxf6+ Qxf6 29.Qxf6 Bxf6 30.Rae1 Re8 31.a4 Kf7 32.Re4 b6 33.Rfe1 a6 34.Kg2 
b5 35.axb5 axb5 36.Bxe5 Rb3 37.Bxf6 Rxe4 38.Rxe4 Kxf6 39.Re2 c4 40.Rf2 Rd3
41.h4 b4 42.g5+ Kf7 43.h5 Rd5 44.g6+ Kf8 1-0

[Event "3rd Marlboro Classic"]
[Site "Manila PHI"]
[Date "1975.10.02"]
[Round "7"]
[White "Ogaard, Leif"]
[Black "Larsen, Bent"]
[Result "1/2-1/2"]
[WhiteElo "2460"]
[BlackElo "2625"]
[EventDate "1975.10.02"]
[PlyCount "116"]

1.d4 Nf6 2.c4 e6 3.Nc3 Bb4 4.e3 b6 5.Ne2 Ba6 6.Ng3 Bxc3+ 7.bxc3 d5 8.Ba3 
h5 9.Qa4+ Qd7 10.Qxd7+ Kxd7 11.cxd5 exd5 12.h4 Re8 13.Rc1 Bxf1 14.Nxf1 b5 
15.Rb1 Kc6 16.f3 Nbd7 17.Kf2 Nb6 18.Nd2 Nc4 19.Nxc4 bxc4 20.Rhe1 Rab8 21.
Rxb8 Rxb8 22.e4 dxe4 23.fxe4 Rb6 24.Bb4 Kd7 25.Re2 Ng4+ 26.Kg3 a6 27.Rb2 
Rg6 28.Kf3 Rf6+ 29.Kg3 Rf1 30.Ba5 f5 31.exf5 Rxf5 32.Bb4 Nf6 33.Re2 Nd5 
34.a4 g6 35.Ba5 Nf6 36.Re5 Rxe5 37.dxe5 Nd5 38.Kf3 Ke6 39.Ke4 c5 40.g3 Ne7
41.Kf4 Kf7 42.Kg5 Nf5 43.Kf4 Ke6 44.Bb6 Kd5 45.Kg5 Nxg3 46.Kxg6 Ne4 47.Ba5
Kxe5 48.Kxh5 Kf5 49.Kh6 Kg4 50.Kg6 Kxh4 51.Kf5 Nf2 52.Ke5 Kg4 53.Kd5 Nd3 
54.Bd8 Nb2 55.a5 Kf5 56.Kxc5 Na4+ 57.Kxc4 Ke6 58.Bg5 Kd7 1/2-1/2

[Event "3rd Marlboro Classic"]
[Site "Manila PHI"]
[Date "1975.10.02"]
[Round "7"]
[White "Mecking, Henrique"]
[Black "Karaklajic, Nikola"]
[Result "1/2-1/2"]
[WhiteElo "2610"]
[BlackElo "2445"]
[EventDate "1975.10.02"]
[PlyCount "93"]

1.e4 e5 2.Nf3 Nc6 3.Bb5 Nf6 4.O-O Nxe4 5.d4 Nd6 6.Bxc6 dxc6 7.dxe5 Nf5 8.
Qxd8+ Kxd8 9.b3 Ke8 10.Bb2 Be7 11.Nbd2 Be6 12.Rad1 Rd8 13.h3 c5 14.Ne4 b6 
15.Rxd8+ Bxd8 16.Rd1 h5 17.Neg5 Bxg5 18.Nxg5 Ke7 19.g4 hxg4 20.hxg4 Nh6 
21.f3 Rd8 22.Rxd8 Kxd8 23.Kf2 Ke8 24.Kg3 Bc8 25.Ne4 Bb7 26.Kf4 Ng8 27.e6 
f6 28.g5 Ke7 29.Kf5 c4 30.b4 c3 31.Nxc3 Bxf3 32.b5 fxg5 33.Ba3+ Ke8 34.
Kxg5 Ne7 35.Bb2 Nd5 36.Nxd5 Bxd5 37.Bxg7 Bxe6 38.a3 Ba2 39.Kf4 Bb1 40.c3 
Bd3 41.Ke5 Bxb5 42.Kd4 Kd7 43.Bf8 Kc6 44.c4 Ba4 45.c5 Kb5 46.cxb6 axb6 47.
Kc3 1/2-1/2

[Event "3rd Marlboro Classic"]
[Site "Manila PHI"]
[Date "1975.10.02"]
[Round "8"]
[White "Torre, Eugenio"]
[Black "Polugaevsky, Lev"]
[Result "1-0"]
[WhiteElo "2515"]
[BlackElo "2645"]
[EventDate "1975.10.02"]
[PlyCount "83"]

1.e4 c5 2.Nf3 e6 3.d4 cxd4 4.Nxd4 d6 5.c4 Nf6 6.Nc3 Be7 7.Be2 a6 8.O-O O-O
9.Be3 b6 10.f4 Bb7 11.Bf3 Qc7 12.Rc1 Re8 13.g4 Bf8 14.g5 Nfd7 15.Bg2 Nc6 
16.Nde2 Nc5 17.Ng3 g6 18.a3 Rac8 19.b4 Nd7 20.Nd5 Qd8 21.Bxb6 Nxb6 22.Nf6+
Kh8 23.Nxe8 Qxe8 24.b5 Ne5 25.fxe5 dxe5 26.Qb3 a5 27.Kh1 a4 28.Qd3 Kg8 29.
Rfd1 Qe7 30.c5 Rxc5 31.Rxc5 Qxc5 32.Nf1 Be7 33.h4 h6 34.h5 gxh5 35.gxh6 
Qf2 36.Ng3 h4 37.Nh5 h3 38.Qxh3 Bg5 39.Rf1 Qe2 40.h7+ Kh8 41.Rxf7 Qd1+ 42.
Rf1 1-0

[Event "3rd Marlboro Classic"]
[Site "Manila PHI"]
[Date "1975.10.02"]
[Round "8"]
[White "Larsen, Bent"]
[Black "Pfleger, Helmut"]
[Result "1/2-1/2"]
[WhiteElo "2625"]
[BlackElo "2540"]
[EventDate "1975.10.02"]
[PlyCount "127"]

1.g3 Nf6 2.Bg2 d5 3.c4 d4 4.Nf3 g6 5.d3 Bg7 6.b4 O-O 7.Bb2 a5 8.b5 c5 9.
bxc6 Nxc6 10.Na3 e5 11.Nb5 Re8 12.O-O Bf8 13.Nd2 Bf5 14.Rc1 Qd7 15.c5 Bh3 
16.a4 Bxg2 17.Kxg2 Rac8 18.Ba3 Nb4 19.Nb3 Nfd5 20.Nxa5 Bxc5 21.Qb3 Qg4 22.
f3 Ne3+ 23.Kh1 Qh3 24.Rg1 b6 25.Bxb4 Bxb4 26.Nc4 Nxc4 27.Rxc4 Rxc4 28.Qxc4
Bf8 29.Qd5 Qc8 30.g4 h6 31.h4 Qc5 32.Qxc5 Bxc5 33.Rc1 Ra8 34.Rc4 f5 35.
gxf5 gxf5 36.f4 exf4 37.Nc7 Ra7 38.Ne6 Re7 39.Nxf4 Re5 40.Kg2 Kf7 41.Kf2 
Re8 42.Nd5 Rd8 43.Nc7 Rd7 44.Nb5 Rd5 45.Kf3 h5 46.Nc7 Rd7 47.Na6 Be7 48.
Nb8 Rd6 49.Nc6 Bf6 50.Kf4 Bxh4 51.Nxd4 Kf6 52.Nf3 Bf2 53.e4 fxe4 54.dxe4 
Rd3 55.e5+ Ke7 56.Rc7+ Rd7 57.Rc2 Bc5 58.Kf5 Rd1 59.Rh2 Rf1 60.Ke4 Ra1 61.
Rxh5 Rxa4+ 62.Kf5 Be3 63.Rh7+ Kf8 64.Rh4 1/2-1/2

[Event "3rd Marlboro Classic"]
[Site "Manila PHI"]
[Date "1975.10.02"]
[Round "8"]
[White "Karaklajic, Nikola"]
[Black "Balinas, Rosendo Carrean"]
[Result "1-0"]
[WhiteElo "2445"]
[BlackElo "2355"]
[EventDate "1975.10.02"]
[PlyCount "89"]

1.e4 c5 2.Nf3 d6 3.d4 cxd4 4.Nxd4 Nf6 5.Nc3 a6 6.h3 e5 7.Nde2 Be6 8.g4 d5 
9.exd5 Nxd5 10.Bg2 Nxc3 11.Qxd8+ Kxd8 12.Nxc3 Kc8 13.O-O Bc5 14.Ne4 Be7 
15.Be3 Nd7 16.c4 f6 17.Rfd1 Kc7 18.Nc3 Nb6 19.Rac1 Nc8 20.Nd5+ Bxd5 21.
cxd5+ Kb8 22.d6 Nxd6 23.Bc5 Rd8 24.b4 g6 25.a4 e4 26.a5 f5 27.gxf5 gxf5 
28.Rd5 f4 29.Re5 Bf8 30.Bb6 Rc8 31.Rxc8+ Kxc8 32.Bxe4 Kd7 33.Bxh7 Nc4 34.
Bf5+ Kd6 35.Rc5 Nxb6 36.axb6 Be7 37.Rc7 Bd8 38.Rxb7 Ke5 39.Bg4 a5 40.Ra7 
Rb8 41.bxa5 Bxb6 42.axb6 Rxb6 43.Re7+ Kd4 44.Kg2 Rg6 45.Kf3 1-0

[Event "3rd Marlboro Classic"]
[Site "Manila PHI"]
[Date "1975.10.02"]
[Round "9"]
[White "Pfleger, Helmut"]
[Black "Kavalek, Lubomir"]
[Result "1/2-1/2"]
[WhiteElo "2540"]
[BlackElo "2555"]
[EventDate "1975.10.02"]
[PlyCount "69"]

1.Nf3 Nf6 2.g3 g6 3.Bg2 Bg7 4.O-O O-O 5.c4 d6 6.d4 Nbd7 7.Nc3 e5 8.e4 exd4
9.Nxd4 Re8 10.Re1 Nc5 11.h3 a5 12.Qc2 a4 13.Be3 c6 14.Rad1 Nfd7 15.f4 Qa5 
16.Bf2 Qb4 17.a3 Qa5 18.Na2 Nf6 19.Nb4 Bd7 20.Na2 Re7 21.Nc3 Rae8 22.Kh2 
h5 23.f5 Qa6 24.fxg6 fxg6 25.e5 Rxe5 26.Qxg6 Qxc4 27.Rxe5 dxe5 28.Nf3 e4 
29.Bxc5 Re6 30.Ne5 Rxe5 31.Nxe4 Rxe4 32.Rxd7 Nxd7 33.Bxe4 Nxc5 34.Qe8+ Bf8
35.Qg6+ 1/2-1/2

[Event "3rd Marlboro Classic"]
[Site "Manila PHI"]
[Date "1975.10.02"]
[Round "10"]
[White "Mecking, Henrique"]
[Black "Balinas, Rosendo Carrean"]
[Result "1-0"]
[WhiteElo "2610"]
[BlackElo "2355"]
[EventDate "1975.10.02"]
[PlyCount "95"]

1.e4 e5 2.Nf3 Nc6 3.Bb5 a6 4.Ba4 Nf6 5.O-O Be7 6.Re1 b5 7.Bb3 d6 8.c3 O-O 
9.h3 Nd7 10.d4 Bf6 11.a4 Bb7 12.d5 Ne7 13.Bc2 Qb8 14.b3 g6 15.c4 b4 16.a5 
c5 17.Nbd2 Bg7 18.g4 f6 19.Nf1 h6 20.Ng3 Kf7 21.Kg2 Ke8 22.Rh1 Kd8 23.Ne1 
Kc7 24.f4 f5 25.exf5 gxf5 26.Nxf5 Nxf5 27.Bxf5 exf4 28.Ra2 Be5 29.Rf1 h5 
30.Nd3 hxg4 31.Bxg4 Qe8 32.Bxf4 Bxf4 33.Nxf4 Rg8 34.Kh2 Ne5 35.Be6 Rf8 36.
Raf2 Qe7 37.Qe2 Qh7 38.Bf5 Rxf5 39.Ne6+ Kb8 40.Rxf5 Ka7 41.Qh5 Qxh5 42.
Rxh5 Re8 43.Rxe5 dxe5 44.Rf7 e4 45.Nxc5 e3 46.Rxb7+ Ka8 47.Rxb4 e2 48.Nd3 
1-0

[Event "3rd Marlboro Classic"]
[Site "Manila PHI"]
[Date "1975.10.02"]
[Round "10"]
[White "Larsen, Bent"]
[Black "Ljubojevic, Ljubomir"]
[Result "1/2-1/2"]
[WhiteElo "2625"]
[BlackElo "2615"]
[EventDate "1975.10.02"]
[PlyCount "53"]

1.g3 c5 2.Bg2 Nf6 3.c4 Nc6 4.Nc3 e6 5.Nf3 d5 6.cxd5 exd5 7.d4 Be7 8.O-O 
O-O 9.Be3 c4 10.Ne5 Bf5 11.Qa4 Nb4 12.Rfc1 a6 13.Qd1 Rc8 14.Bf4 Re8 15.b3 
cxb3 16.Qxb3 Be6 17.Na4 Qa5 18.Nc5 Bxc5 19.dxc5 d4 20.Qb2 Rxc5 21.Nf3 
Rxc1+ 22.Bxc1 Nc6 23.Qxb7 Bd5 24.Qb2 Ne4 25.Bf1 Nc3 26.Nh4 Bc4 27.Bd2 
1/2-1/2

[Event "3rd Marlboro Classic"]
[Site "Manila PHI"]
[Date "1975.10.02"]
[Round "10"]
[White "Kavalek, Lubomir"]
[Black "Polugaevsky, Lev"]
[Result "1/2-1/2"]
[WhiteElo "2555"]
[BlackElo "2645"]
[EventDate "1975.10.02"]
[PlyCount "105"]

1.e4 c5 2.Nf3 d6 3.d4 cxd4 4.Nxd4 Nf6 5.Nc3 a6 6.Bg5 e6 7.f4 b5 8.e5 dxe5 
9.fxe5 Qc7 10.Qe2 Nfd7 11.O-O-O Bb7 12.Qg4 Qb6 13.Be2 Nxe5 14.Qh3 Nbd7 15.
Rhe1 h6 16.Bh4 g5 17.Bxg5 Rg8 18.Nxe6 hxg5 19.Bh5 Bd6 20.Qf5 Rh8 21.Bxf7+ 
Ke7 22.Nxg5 Rh6 23.Bg6 Kd8 24.Rxe5 Nxe5 25.Qf8+ Kc7 26.Ne6+ Kd7 27.Qxh6 
Nxg6 28.Qg7+ Ne7 29.Nd4 Rg8 30.Qf7 Qc5 31.Qe6+ Ke8 32.Ne4 Bxe4 33.Qxe4 
Qg5+ 34.Kb1 Qxg2 35.Qd3 Qd5 36.a4 bxa4 37.Qxa6 a3 38.Qb5+ Qxb5 39.Nxb5 
Bxh2 40.Nxa3 Rg4 41.c3 Kf7 42.b4 Be5 43.Kc2 Ke6 44.Rd3 Nd5 45.Nb5 Rg2+ 46.
Kb3 Bf6 47.Nd4+ Ke5 48.Nc2 Nf4 49.Re3+ Kd6 50.Nd4 Nd5 51.Nb5+ Kd7 52.Rd3 
Ke6 53.Nd4+ 1/2-1/2